All Features On UTOPIA - Statistics

General Stats
  • This quiz has been taken 176 times
  • The average score is 15 of 19
Answer Stats
Hint Answer % Correct
7. MELTDOWN Drake
96%
8. FE!N Playboi Carti
96%
18. TELEKINESIS SZA
91%
12. CIRCUS MAXIMUS The Weeknd
88%
17. K-POP The Weeknd
88%
11. TOPIA TWINS 21 Savage
86%
19. TIL FURTHER NOTICE 21 Savage
86%
17. K-POP Bad Bunny
83%
9. DELRESTO (ECHOES) Beyoncé
83%
18. TELEKINESIS Future
82%
14. SKITZO Young Thug
78%
3. MODERN JAM Teezo Touchdown
73%
16. LOOOVE Kid Cudi
71%
15. LOST FOREVER Westside Gunn
70%
19. TIL FURTHER NOTICE James Blake
69%
11. TOPIA TWINS Rob49
69%
12. CIRCUS MAXIMUS Swae Lee
63%
13. PARASAIL Yung Lean
58%
13. PARASAIL Dave Chappelle
49%
No matching quizzes found
Score Distribution
Percent of People with Each Score
Percentile by Number Answered
Your Score History
You have not taken this quiz